Иновативно основно училище "Неофит Рилски" - гр. Габрово (Запис номер 487244)
[ съкратено ]
| 000 -Лидер | |
|---|---|
| Контролно поле с фиксирана дължина | nam a22 a 4500 |
| 003 - Код на организацията, давaща контролен номер | |
| Контролно поле | BLK |
| 005 - Дата и час на последна редакция | |
| Контролно поле | 20221215110656.0 |
| 008 - Елементи от данни с фиксирана дължина | |
| fixed length control field | 180411b bul|||||r ||||||| ||bul|| |
| 010 ## - Наследен системен номер | |
| LC control number | KNG00180780000 |
| 020 ## - Международен стандартен номер на книга ISBN | |
| Международен стандартен номер на книга ISBN | 9786199220818 |
| 040 ## - Източник на каталожния запис | |
| Идентификатор на билиотеката - собственик на записа | BLK |
| 041 ## - Код за език | |
| Код за езика на текст/звукозапис или на отделно заглавие | Български |
| Код за езика КДБФ | Български |
| 072 #7 - Код за тематичната категория | |
| Код организация | bullib |
| Код за тематична категория | Н37 |
| Текст | Образование. Педагогика Н |
| 080 ## - УДК | |
| Текстов определител УДК | Начално и основно образование |
| УДК код - определител по УДК | 373.3 |
| УДК определител | (497.216.1)(091) |
| УДК - код + определител | 373.3(497.216.1)(091) |
| 100 1# - Редна дума - Автор | |
| Автор | Антов, Анатолий Христов |
| Авторска отговорност | първи автор |
| R(LIN) | 339243 |
| 139 ## - Редно поле | |
| Редна дума | Антов, Анатолий Христов |
| Авторски знак | Анто - А 75 |
| 245 10 - Сведения за заглавието | |
| Заглавие | Иновативно основно училище "Неофит Рилски" - гр. Габрово |
| Подзаглавни данни | История и традиции |
| Редно поле (дума) | състав., предг. Анатолий Антов ; послесл. Светлана Василева |
| 257 ## - Страна на издаване | |
| Страна на създаване/издаване | България |
| 260 ## - Област на издателските данни | |
| Място на издаване, разпространение и проч. | Габрово |
| Име на издателя, разпространителя и проч. | Полипрес |
| Година на издаване | 2022 |
| 9 (RLIN) | 394241 |
| 300 ## - Физическа характеристика | |
| Страници | 127 с. |
| Илюстрации и др. | с ил., портр., факс. |
| Размери/Мащаб | 23 см |
| 380 ## - Жанр | |
| Жанр | Обществени науки |
| 500 ## - Общи забележки | |
| Забележка | 1. изд. 2014 със загл. Основно училище "Неофит Рилски" гр. Габрово : история и традиции, на изд. Екс-Прес. - Изд. на ОУ "Неофит Рилски" - Габрово. - Основно училище "Неофит Рилски" , гр. Габрово с водеща позиция в системата на съвременното образование / Мая Колева: с. 82-90. |
| 650 #4 - Допълнително описание по предмет – тема | |
| Основно описание – тема или топоним | Основно образование - България |
| 9 (RLIN) | 272381 |
| 651 #4 - Допълнително описание по предмет - топоним | |
| Географско понятие | Габрово |
| 9 (RLIN) | 178735 |
| 653 ## - Ключова дума – ненормативна | |
| Ключова дума | основно образование |
| 653 ## - Ключова дума – ненормативна | |
| Ключова дума | училища |
| 653 ## - Ключова дума – ненормативна | |
| Ключова дума | история |
| 653 ## - Ключова дума – ненормативна | |
| Ключова дума | Габрово |
| 659 ## - Тематичен бюлетин | |
| Тематичен бюлетин | Н |
| 700 ## - Други автори (авторска отговорност) | |
| 9 (RLIN) | 958 |
| Лично име | Василева, Светлана Александрова |
| Автороска отговорност (Описва отношението между автора и произведението) | послесл. |
| 852 ## - Местоположение | |
| Форматна сигнатура | Цб 314469 |
| Фондова буква | Хранилище |
| 856 4# - Електронен адрес и достъп | |
| Електронен формат | pdf - файл |
| Инструкция (цена за достъп) | 0.00 |
| Права за достъп | disable |
| 856 4# - Електронен адрес и достъп | |
| Електронен формат | pdf - файл |
| Инструкция (цена за достъп) | 0.00 |
| Права за достъп | disable |
| 999 ## - СИСТЕМНИ КОНТРОЛНИ НОМЕРА | |
| Koha biblionumber | 487244 |
| Koha biblioitemnumber | 487244 |
| 942 ## - АРТИКУЛИ | |
| Вид на библиотечния материал | Книги |
| Скрит в OPAC | Не |
| Периодичен библиозапис | Да |
| 944 ## - СЪЗДАВАНЕ И РЕДАКЦИЯ на ЗАПИСА | |
| Дата на регистрацията/редакция | 2022-12-15 |
| Служител, извършил регистрацията/редакцията | ТД |
| Код за отписване | Код за изгубен артикул | Източник на класификационната схема | Код за повреда | Коз за рестрикции | Код за отдаване | Артикулен № | Име на библиотеката - собственик | Име на библиотеката, в която се намира в момента | Статус (Текущо местоположение) | Дата на вписване в системата | Местоположение - отдел | Цена в лева | Систематично азбучна сигнатура | Баркод | Цена в евро | Служебен тип на артикула |
|---|---|---|---|---|---|---|---|---|---|---|---|---|---|---|---|---|
| Не е изгубен | Universal Decimal Classification | Не е повреден | само за читалня | ползва се в читалня | 920372 | Регионална библиотека "Любен Каравелов" Русе | Регионална библиотека "Любен Каравелов" Русе | Хранилище | 2022-12-19 | Хранилище | 6.00 | Цб 315469 | 120000880241 | 3.07 | Книги |